01056nam a2200265Ia 450000500170000000800410001708200200005811000450007824500520012325000190017530000420019454600390023660000690027560000600034465000290040465000270043394200130046026400440047333600270051733700330054433800280057704000350060599900150064095201350065520220317001211.0160825s1998 ck a g 000 0 spa 04aR 708.074bB15j2 aBanco de la República. Bogotá92078510aJosé Clemente OrozcocBanco de la República a1a. edición  a55 páginas bilustraciones c28 cm  aTexto en idioma ingles y español14aOrozco, José Clemented1883-1949xTrabajos pictóricos96751314aOrozco, José Clemented1883-1949vExposiciones967514142LEMBaPintores mexicanos142LEMBaPintura mexicana 2ddccREF aBogotábBanco de la Repúblicac1998 atextobtxt2rdacontent asin mediaciónbn2rdamedia avolumenbnc2rdacarrier aCO-BoRNBPbspaerdacCO-BoRNBP c6217d6217 00102ddc40708GENaMEDORADObMEDORADOcREFd2023-02-17l0oR 708.074 B15jpDOR01244r2023-02-17 00:00:00tEj.1w2023-02-17yREF